[Event "Piacenza Region-ch"]
[Site "Piacenza"]
[Date "2024.01.27"]
[Round "3"]
[White "Costa, Luciano"]
[Black "Moraschi, Pierangelo"]
[Result "1-0"]
[WhiteElo "1376"]
[BlackElo "1602"]
[PlyCount "95"]
[EventDate "2024.01.26"]
[EventType "swiss"]
[EventRounds "5"]
[EventCountry "ITA"]
[SourceTitle "CB06_2024"]
[SourceDate "2024.02.07"]
[SourceVersion "1"]
[SourceVersionDate "2024.02.07"]
[SourceQuality "1"]

1. c4 e5 2. Nc3 Nf6 3. Nf3 Nc6 4. e3 d5 5. cxd5 Nxd5 6. Bb5 Nxc3 7. Bxc6+ bxc6 8. bxc3 Qd5 9. 0-0 Bd6 10. Qb3 Qd3 11. Qb1 Bf5 12. Qxd3 Bxd3 13. Re1 0-0 14. a4 Rab8 15. Ba3 Rb3 16. Bxd6 cxd6 17. h3 Rfb8 18. Kh2 Rb2 19. Kg3 f6 20. Rec1 e4 21. Nd4 c5 22. Nb5 Bxb5 23. axb5 R8xb5 24. Rxa7 Rxd2 25. Rd7 h6 26. Ra1 c4 27. h4 Rbb2 28. Ra8+ Kh7 29. Raa7 Rxf2 30. Rxg7+ Kh8 31. Rh7+ Kg8 32. Rag7+ Kf8 33. Rc7 Rxg2+ 34. Kf4 Kg8 35. Rhd7 Rb8 36. Rxd6 Rh2 37. Kxe4 Rxh4+ 38. Kf5 Rf8 39. e4 Rh5+ 40. Kg6 Rg5+ 41. Kxh6 Re5 42. Rdd7 Rg5 43. Rg7+ Kh8 44. Rxg5 fxg5 45. Kxg5 Kg8 46. Kg6 Re8 47. Rxc4 Kf8 48. Kf6 1-0

[Event "Piacenza Region-ch"]
[Site "Piacenza"]
[Date "2024.01.27"]
[Round "2"]
[White "Moraschi, Pierangelo"]
[Black "Manno, Filippo"]
[Result "1-0"]
[WhiteElo "1602"]
[BlackElo "999"]
[PlyCount "132"]
[EventDate "2024.01.26"]
[EventType "swiss"]
[EventRounds "5"]
[EventCountry "ITA"]
[SourceTitle "CB06_2024"]
[SourceDate "2024.02.07"]
[SourceVersion "1"]
[SourceVersionDate "2024.02.07"]
[SourceQuality "1"]

1. d4 d5 2. c4 Nf6 3. cxd5 Nxd5 4. e4 Nb6 5. Be2 e6 6. Nf3 Nc6 7. 0-0 Be7 8. Nc3 0-0 9. Bf4 a6 10. Rc1 Re8 11. a3 Bf6 12. e5 Be7 13. Qd2 Na5 14. Qc2 Nd5 15. Nxd5 exd5 16. Qxc7 Qxc7 17. Rxc7 Be6 18. Nd2 Rab8 19. h3 Nc6 20. Bxa6 bxa6 21. Rxc6 Rxb2 22. Rxa6 Ra2 23. a4 Bb4 24. Nb3 h6 25. Ra1 Rb2 26. Na5 Rc8 27. Nc6 Bd7 28. Nxb4 Rxb4 29. Be3 Rcc4 30. a5 Rb8 31. Rd6 Ra4 32. Rxa4 Bxa4 33. Rxd5 Ra8 34. Rc5 Kf8 35. Kh2 Ke7 36. d5 Kd7 37. Kg3 g5 38. Kg4 Bd1+ 39. Kf5 Bh5 40. Ke4 Rb8 41. Kd4 Be2 42. Ke4 Rb4+ 43. Kf5 Bh5 44. Kf6 Ra4 45. Kg7 g4 46. hxg4 Rxg4+ 47. Kxh6 Bg6 48. a6 Rh4+ 49. Kg5 Rh5+ 50. Kg4 Rxe5 51. Bf4 Re4 52. Ra5 Re8 53. a7 Ra8 54. Bb8 Be4 55. f3 Bh7 56. Ra6 Bd3 57. Rf6 Ke7 58. Kg5 Bc4 59. d6+ Ke8 60. Rf4 Be6 61. Kf6 Kd7 62. Rh4 Ke8 63. g4 Bd5 64. f4 Be4 65. Rh5 Bc2 66. Re5+ Kd7 1-0

[Event "Emilia Romagna tt op"]
[Site "Piacenza"]
[Date "2022.09.23"]
[Round "1"]
[White "Moraschi, Pierangelo"]
[Black "Rivi, Gian Carlo"]
[Result "1-0"]
[WhiteElo "999"]
[BlackElo "1118"]
[PlyCount "75"]
[EventDate "2022.09.23"]
[EventType "team-swiss"]
[EventRounds "5"]
[EventCountry "ITA"]
[SourceTitle "EXT 2023"]
[Source "ChessBase"]
[SourceDate "2022.10.05"]
[SourceVersion "1"]
[SourceVersionDate "2022.10.05"]
[SourceQuality "1"]
[WhiteTeam "Piacenza Cavalli"]
[BlackTeam "Piacenza New Generation"]
[WhiteTeamCountry "ITA"]
[BlackTeamCountry "ITA"]

1. c4 c5 2. g3 d5 3. cxd5 Nf6 4. Bg2 Nxd5 5. Nf3 Nc6 6. 0-0 e5 7. d3 f5 8. Nc3 Be7 9. Nxd5 Qxd5 10. Qa4 0-0 11. Ng5 Qd4 12. Qb3+ c4 13. dxc4 Qc5 14. Bd5+ Kh8 15. Nf7+ Rxf7 16. Bxf7 Nd4 17. Qd3 Qc6 18. Bd5 Qb6 19. e3 Nf3+ 20. Bxf3 e4 21. Bxe4 fxe4 22. Qxe4 Qc7 23. Rd1 Bh3 24. b3 Bf6 25. Rb1 g6 26. Bb2 Rf8 27. Bxf6+ Rxf6 28. g4 Kg7 29. g5 Rf8 30. f4 Qc8 31. Rd2 Bf5 32. Qe5+ Kg8 33. Rbd1 Re8 34. Qxe8+ Qxe8 35. Rd8 Kf8 36. Rxe8+ Kxe8 37. Kf2 Ke7 38. Kf3 1-0